000 00788nam a22002297a 4500
003 OSt
005 20200922161550.0
008 200922s2006 ck aodbgr|||| 00| 0 spa d
020 _a9587061721
040 _aCO-JMCR
_cCO-JMCR
041 0 _aspa
082 0 4 _a918.61 /
_bU588g
_223
110 2 _aUniversidad de los Andes
_910674
245 1 _aGeografía Económica de Colombia /
_cUniversidad de los Andes
260 _aBogotá :
_bCasa Editorial El Tiempo,
_c2006
300 _a208 páginas :
_bilustraciones, fotografías, gráficos y mapas a color ;
_c28 cm.
500 _a
505 0 _aRegión Pacífica -- Región Andina -- Región Orinoquía -- Región Caribe
650 1 4 _aGeografía económica
_zColombia
_910675
651 4 _aColombia
_xgeografía
_910676
942 _2ddc
_cBK
999 _c6874
_d6874